Funeral Blues W.H. Auden Quiz Stats

Quiz not verified by Sporcle

Challenge
Share
Tweet
Embed
Score 0/136 Timer 10:00
0 Plays Today
Answer % Correct
the
100%
the
100%
the
100%
a
100%
the
100%
and
100%
the
100%
the
100%
the
100%
the
100%
the
100%
the
100%
the
100%
and
100%
and
100%
The
100%
the
100%
and
100%
the
100%
the
100%
and
100%
the
100%
He
98%
He
98%
Stop
95.9%
all
95.9%
clocks,
95.9%
dog
95.9%
bone,
95.9%
with
93.9%
juicy
93.9%
with
93.9%
was
93.9%
was
93.9%
from
91.8%
I
91.8%
I
91.8%
Prevent
89.8%
is
89.8%
Dead,
89.8%
my
89.8%
my
89.8%
my
89.8%
My
89.8%
my
89.8%
My
89.8%
Answer % Correct
my
89.8%
my
89.8%
my
89.8%
to
89.8%
telephone,
87.8%
barking
87.8%
come.
87.8%
of
87.8%
not
87.8%
now:
87.8%
now
87.8%
ever
87.8%
come
87.8%
any
87.8%
good.
87.8%
let
85.7%
Let
85.7%
Let
85.7%
Sunday
85.7%
rest,
85.7%
nothing
85.7%
off
83.7%
out
83.7%
mourners
83.7%
on
83.7%
working
83.7%
out
83.7%
sun;
83.7%
For
83.7%
can
83.7%
Put
81.6%
North,
81.6%
South,
81.6%
East
81.6%
West,
81.6%
week
81.6%
last
81.6%
are
81.6%
put
81.6%
stars
79.6%
every
79.6%
cut
77.6%
love
77.6%
would
77.6%
wanted
77.6%
moon
77.6%
Answer % Correct
sky
75.5%
black
75.5%
that
75.5%
wrong.
75.5%
one;
75.5%
thought
73.5%
forever:
73.5%
up
73.5%
up
73.5%
Silence
69.4%
drum
69.4%
wear
69.4%
muffled
67.3%
aeroplanes
67.3%
doves,
67.3%
gloves.
65.3%
coffin,
63.3%
circle
61.2%
overhead
61.2%
white
61.2%
necks
61.2%
Pack
61.2%
away
61.2%
wood;
61.2%
message
59.2%
bows
59.2%
policemen
59.2%
cotton
59.2%
Bring
57.1%
public
57.1%
dismantle
57.1%
round
55.1%
ocean
55.1%
sweep
55.1%
pianos
53.1%
crêpe
53.1%
traffic
53.1%
Scribbling
51%
song,
51%
moaning
44.9%
Pour
44.9%
noon,
42.9%
talk,
40.8%
midnight,
34.7%

You're not logged in!

Compare scores with friends on all Sporcle quizzes.
Sign Up with Email
OR
Log In

You Might Also Like...

Show Comments

Extras

Top Quizzes Today


Score Distribution

Your Account Isn't Verified!

In order to create a playlist on Sporcle, you need to verify the email address you used during registration. Go to your Sporcle Settings to finish the process.